书目信息 |
| 题名: |
消化道出血的诊断及处理
|
|
| 作者: | 贝林特 著 ;陶嘉泳 译 | |
| 分册: | ||
| 出版信息: | 上海 上海科学技术出版社 1981 |
|
| 页数: | 114页 | |
| 开本: | 19cm | |
| 丛书名: | ||
| 单 册: | ||
| 中图分类: | R573 | |
| 科图分类: | ||
| 主题词: | 消化系统疾病:出血性疾病--诊断 , 出血性疾病:消化系统疾病--诊断 | |
| 电子资源: | ||
| ISBN: | ||
| 000 | 00769nam0 2200253 45 | |
| 001 | 0181000989 | |
| 005 | 20060118113819.18 | |
| 010 | @dCNY0.44 | |
| 091 | @a14119.1473 | |
| 100 | @a19950525d1981 emky0chiy0121 ea | |
| 101 | 1 | @achi@ceng |
| 102 | @aCN@b310000 | |
| 105 | @ay z 000yy | |
| 200 | 10 | @a消化道出血的诊断及处理@Axiao hua dao chu xue de zhen duan ji chu li@f(美)J·A·贝林特等著@F(mei)J·A·bei lin te deng zhu@g陶嘉泳译 |
| 210 | @a上海@c上海科学技术出版社@d1981 | |
| 215 | @a114页@d19cm | |
| 606 | @a消化系统疾病:出血性疾病@x诊断 | |
| 606 | @a出血性疾病:消化系统疾病@x诊断 | |
| 690 | @aR573@v3 | |
| 701 | 0 | @a贝林特@Abei lin te@4著 |
| 702 | 0 | @a陶嘉泳@Atao jia yong@4译 |
| 801 | 2 | @aCN@bNLC@c20060118 |
| 801 | 0 | @aCN@bTSSF |
| 905 | @a10447@dR573@e2 | |
| 消化道出血的诊断及处理/(美)J·A·贝林特等著/陶嘉泳译.-上海:上海科学技术出版社,1981 |
| 114页;19cm |
| ISBN :CNY0.44 |
| ● |
| 相关链接 |
|
|
|
|
正题名:消化道出血的诊断及处理
索取号:R573/2
 
预约/预借
| 序号 | 登录号 | 条形码 | 馆藏地/架位号 | 状态 | 备注 |
| 1 | 0048345 | 000714828 | 密集书库/ [索取号:R573/2] | 在馆 | |
| 2 | 0048346 | 000715015 | 密集书库/ [索取号:R573/2] | 在馆 |